000 00301nam a22001337a 4500
008 181004b xxu||||| |||| 00| 0 eng d
020 _a9780395779279
041 _aeng
080 _a941
100 _a16
101 _aHIS
245 _aA History Sword Constantines
_cCarroll.J
942 _2udc
_cBK
999 _c48838
_d48838